000 01110nam0a22002531 4500
001 v19\rc\1915861
005 20260406210839.0
035 _a(NLR Aleph) 005003434
090 _a6410743
_c6410743
100 _a20080404d1911 u y0rusy50 ca
101 0 _arus
102 _aRU
105 _ay z |||||
200 1 _aУстав Братства в честь святителя и чудотворца Николая при Яранском Успенском соборе для вспомоществования бедным воспитанникам Яранского духовного училища
_e[Утв. 24 мая 1911 г.]
210 _aЯранск
_d1911
215 _a8 с.
710 0 2 _aЯранское Успенское братство св. и чудотворца Николая для вспомоществования бедным воспитанникам
_3RU\NLR\AUTH\889967837
_9432004
801 0 _aRU
_bNLR
_gpsbo
801 0 _aRU
_bRuMoRGB
_2psbo
801 1 _aRU
_bProSoft-M
_2rusmarc
852 _aNLR
_j18.288.7.50
899 _aRuMoRGB
_jV 112/321
942 _cBOOK
980 _aNB